Mathematical modelling for polymer processing / (Record no. 30089)
[ view plain ]
| 000 -LEADER | |
|---|---|
| fixed length control field | 00773 a2200229 4500 |
| 020 ## - INTERNATIONAL STANDARD BOOK NUMBER | |
| International Standard Book Number | 3540434127 |
| 020 ## - INTERNATIONAL STANDARD BOOK NUMBER | |
| International Standard Book Number | 9783540434122 |
| 082 ## - DEWEY DECIMAL CLASSIFICATION NUMBER | |
| Classification number | 668.9015118 |
| 090 ## - LOCALLY ASSIGNED LC-TYPE CALL NUMBER (OCLC); LOCAL CALL NUMBER (RLIN) | |
| -- | 1478 |
| -- | 1478 |
| 245 10 - TITLE STATEMENT | |
| Title | Mathematical modelling for polymer processing / |
| Statement of responsibility, etc. | Vincenzo Capasso, L.L. Bonilla, M. Burger, V. Capasso, A. Fasano, A. Micheletti. |
| 250 ## - EDITION STATEMENT | |
| Edition statement | 2003th ed. |
| 260 ## - PUBLICATION, DISTRIBUTION, ETC. | |
| Place of publication, distribution, etc. | [S.l.] : |
| Name of publisher, distributor, etc. | Springer, |
| Date of publication, distribution, etc. | 2002. |
| 300 ## - PHYSICAL DESCRIPTION | |
| Extent | 320 p. ; |
| Dimensions | 23 cm. |
| 700 1# - ADDED ENTRY--PERSONAL NAME | |
| Personal name | Capasso, Vincenzo. |
| 700 1# - ADDED ENTRY--PERSONAL NAME | |
| Personal name | Bonilla, L.L. |
| 700 1# - ADDED ENTRY--PERSONAL NAME | |
| Personal name | Burger, M. |
| 700 1# - ADDED ENTRY--PERSONAL NAME | |
| Personal name | Capasso, V. |
| 700 1# - ADDED ENTRY--PERSONAL NAME | |
| Personal name | Fasano, A. |
| 700 1# - ADDED ENTRY--PERSONAL NAME | |
| Personal name | Micheletti, A. |
| 942 ## - ADDED ENTRY ELEMENTS (KOHA) | |
| Institution code [OBSOLETE] | SNS |
| Koha item type | Book |
| Call number prefix | 668.9015118 CAP |
| Withdrawn status | Lost status | Source of classification or shelving scheme | Damaged status | Not for loan | Permanent Location | Current Location | Shelving location | Date acquired | Full call number | Barcode | Date last seen | Price effective from | Koha item type |
|---|---|---|---|---|---|---|---|---|---|---|---|---|---|
| Not For Loan | School of Natural Sciences (SNS) | School of Natural Sciences (SNS) | Reference | 05/26/2016 | 668.9015118 CAP | SNS0000584 | 08/09/2019 | 05/26/2016 | Book |
